Detektiv /
Když detektiv Polívka, nyní hlídač v supermarketu, začne pátrat po ukradeném autě z parkoviště, najde vůz v bazaru se záhadnou skvrnou krve. Auto patří Robertu Kaplanovi, který postrádá nejen vůz, ale i svou dceru Alici. Polívka se vydává do vesnice Belert, kde je Alicino tělo nalezeno. Případ se ko...
Uloženo v:
| Hlavní autor: | |
|---|---|
| Médium: | E-kniha |
| Jazyk: | Czech |
| Vydáno: |
Praha :
E-knihy jedou,
2024
|
| Tagy: |
Žádné tagy |
| LEADER | 01350nam a22002297i 4500 | ||
|---|---|---|---|
| 001 | 312494 | ||
| 007 | ta | ||
| 008 | 260601s2024 xr ||||| |||| 00| 0 cze d | ||
| 020 | |a 9990004141087 | ||
| 044 | |a xr | ||
| 100 | 1 | |a Polívka, Luboš |4 aut | |
| 245 | 1 | 0 | |a Detektiv / |c Polívka, Luboš |
| 264 | 1 | |a Praha : |b E-knihy jedou, |c 2024 | |
| 300 | |a 1 online zdroj (245 stran) | ||
| 336 | |a text |b txt |2 rdacontent | ||
| 337 | |a bez média |b n |2 rdamedia | ||
| 338 | |a online zdroj |b cr |2 rdacarrier | ||
| 520 | 2 | |a Když detektiv Polívka, nyní hlídač v supermarketu, začne pátrat po ukradeném autě z parkoviště, najde vůz v bazaru se záhadnou skvrnou krve. Auto patří Robertu Kaplanovi, který postrádá nejen vůz, ale i svou dceru Alici. Polívka se vydává do vesnice Belert, kde je Alicino tělo nalezeno. Případ se komplikuje, když se ukáže, že krev v autě nepatří Alici, ale neznámé osobě... | |
| 910 | |a RBIT002 | ||
| 998 | |d 414108 |a https://core.palmknihy.cz/api/books/414108/cover?sjlts2 |b https://core.palmknihy.cz/api/books/414108/cover/400?sjlts2 |c https://core.palmknihy.cz/api/books/414108/cover/50?sjlts2 |e |g 245 |i 9990004141087 |j https://core.palmknihy.cz/api/books/414108/preview.epub |k https://core.palmknihy.cz/api/books/414108/preview.pdf |l |q 49 |r 1 |s https://www.palmknihy.cz/kniha/414108 |t ebook |y 2024 |z 1 | ||
| 999 | |d 312492 | ||